000 00675nam a2200265Ia 4500
005 20260121170706.0
008 008 260114s9999 xx 000 0 eng d
020 _a9783319924861
037 _aEBOOK
040 _aCRL
040 _beng
040 _cCRL
041 _2eng
041 _aeng
084 _qCRL
100 _aMalgorzata Kloc, Jacek Z. Kubiak
_91067003
245 0 _aMarine Organisms as Model Systems in Biology and Medicine
260 _bSpringer
260 _bSpringer
260 _c2018
856 _uhttps://link.springer.com/openurl?genre=book&isbn=978-3-319-92486-1
942 _cEBOOK
999 _c1632733
_d1632733